000 00441nam a2200181Ia 4500
008 090123s9999 xx 000 0 und d
082 _b41931
100 _aपाटील दशरथ
245 _aफुलवा
250 _a1
260 _c2007
300 _a241
600 _aपाटील दशरथ
630 _aफुलवा
700 _aपाटील दशरथ
730 _aफुलवा
942 _cBOOK
999 _c80007
_d80007